MLB Logos Map Quiz - Statistics

General Stats
  • This quiz has been taken 939 times
  • The average score is 16 of 26
Answers on the Map
Answers color-coded by a green-red scale on the quiz's map according to % correct below.
 
Answer Stats
Answer % Correct
Angels
Dodgers
70%
Astros
68%
Rockies
66%
Diamondbacks
66%
Blue Jays
65%
Mariners
65%
Red Sox
65%
Braves
64%
Athletics
Giants
63%
Pirates
61%
Padres
61%
Cubs
White Sox
61%
Rays
61%
Mets
Yankees
60%
Marlins
60%
Tigers
59%
Twins
57%
Cardinals
57%
Reds
57%
Brewers
57%
Rangers
56%
Guardians
56%
Royals
55%
Orioles
53%
Phillies
52%
Nationals
49%
No matching quizzes found
Score Distribution
Percent of People with Each Score
Percentile by Number Answered
Your Score History
You have not taken this quiz